Information systems for government fiscal management / (Record no. 347535)

000 -LEADER
fixed length control field 00656 a2200193 4500
020 ## - INTERNATIONAL STANDARD BOOK NUMBER
International Standard Book Number 082134398X (paperback)
020 ## - INTERNATIONAL STANDARD BOOK NUMBER
International Standard Book Number 9780821343982 (paperback)
082 04 - DEWEY DECIMAL CLASSIFICATION NUMBER
Classification number 352.4238091724
090 ## - LOCALLY ASSIGNED LC-TYPE CALL NUMBER (OCLC); LOCAL CALL NUMBER (RLIN)
-- 5113
-- 5113
100 1# - MAIN ENTRY--PERSONAL NAME
Personal name Hashim, Ali.
245 10 - TITLE STATEMENT
Title Information systems for government fiscal management /
Statement of responsibility, etc. Ali Hashim, Bill Allan.
260 ## - PUBLICATION, DISTRIBUTION, ETC.
Place of publication, distribution, etc. [S.l.] :
Name of publisher, distributor, etc. World Bank Publications,
Date of publication, distribution, etc. 1998.
300 ## - PHYSICAL DESCRIPTION
Extent 40 p. ;
Dimensions 27 cm.
490 1# - SERIES STATEMENT
Series statement Sector studies series.
700 1# - ADDED ENTRY--PERSONAL NAME
Personal name Allan, Bill.
830 #0 - SERIES ADDED ENTRY--UNIFORM TITLE
Uniform title Sector studies series.
856 40 - ELECTRONIC LOCATION AND ACCESS
Materials specified Amazon.com
Uniform Resource Identifier <a href="http://www.amazon.com/exec/obidos/ASIN/082134398X/chopaconline-20">http://www.amazon.com/exec/obidos/ASIN/082134398X/chopaconline-20</a>
942 ## - ADDED ENTRY ELEMENTS (KOHA)
Institution code [OBSOLETE] NBS
Koha item type Book
Call number prefix 352.4238091724 HAS
Holdings
Withdrawn status Lost status Damaged status Not for loan Permanent Location Current Location Date acquired Total Checkouts Full call number Barcode Date last seen Date last checked out Price effective from Koha item type
        Central Library (CL) Central Library (CL) 08/28/2013 1 352.4238091724 HAS NBS1645 11/23/2017 08/22/2017 08/28/2013 Book
© 2023 Central Library, National University of Sciences and Technology. All Rights Reserved.